| 000 | 01575cam a2200133 4500500 | ||
|---|---|---|---|
| 005 | 20251214004156.0 | ||
| 041 | _afre | ||
| 042 | _adc | ||
| 100 | 1 | 0 |
_aGacon, Stéphane _eauthor |
| 245 | 0 | 0 | _aL'Europe : Histoire et civilisation |
| 260 |
_bArmand Colin,
_c2017. |
||
| 520 | _aCe manuel, organisé de manière thématique, présente de façon extrêmement originale, une histoire de l'Europe. S’appuyant sur les débats historiographiques les plus récents, il réfléchit à la construction des discours et des représentations, sondant la notion controversée de civilisation et les logiques d’appartenance. Il propose les principaux jalons de l’histoire de la « civilisation européenne », des origines à nos jours, et pose la question de la spécificité d’un fonds commun européen qui permettrait de définir une « identité » européenne originale.L’Europe d’aujourd’hui est le produit d’héritages multiples… qui ne sont pas tous européens, et qui ne se sont pas toujours ajoutés les uns aux autres de manière facile. Elle a été, tout au long de son histoire, un espace d’affrontements culturels, politiques et militaires qui ne rend pas toujours simple l’usage du singulier. La prise de conscience d’elle-même a été lente, s’est souvent faite par des contacts difficiles avec l’extérieur, et n’a pas empêché les différences entre Européens de souvent prévaloir sur leurs « valeurs » et intérêts communs. | ||
| 856 | 4 | 1 | _uhttps://shs.cairn.info/l-europe--9782200601386?lang=fr&redirect-ssocas=7080 |
| 999 |
_c1568284 _d1568284 |
||